000 00767nam a2200265Ia 4500
003 OSt
005 20220924120104.0
006 a|||||r|||| 00| 0
007 ta
008 220923b |||||||| |||| 00| 0 urd d
020 _a8189461958 (hbk)
020 _c500
024 _a285240
037 _b4313, 19/11/2014, Kitabi Duniya
_cTextual
040 _aARTS
_cARTS
_burd
041 _2urd
_aurd
082 _aO168,1:g, P5;Q0
100 _aRahmati Zaheer
_9180717
245 0 _aGhazal ki tanqeedi istelahat
260 _aDelhi
_bKitabi Duniya India
_c2010
300 _a494p.
_ccm.
650 _aURDU LITERATURE
942 _hO168,1:g, P5;Q0
_cTEXL
_2CC
999 _c401177
_d401177